000
00240nam a22001217a 4500
003
SGT
082
_a
823
_b
MOY
100
_a
MOYES JOJO
245
_a
AFTER YOU
260
_a
LONDON
_b
PENGUIN PUB
_c
2016
300
_a
409
942
_2
ddc
_c
BK
999
_c
34014
_d
34014